Which Video games do you know? - Statistics

General Stats
  • This quiz has been taken 55 times
  • The average score is 7 of 15
Answer Stats
Hint Answer % Correct
Battle royale (you know the one) Fortnite
94%
Sans Undertale
80%
It's not just 2d Minecraft Terraria
78%
Stuck on an ocean-covered alien planet Subnautica
67%
Tower defense that has monkeys Bloons
65%
Musical VR game Beat Saber
53%
Save your son from the cannibal mutants on an island The Forest
43%
Facing a militant cult lead by Joseph Seed, in Montana Far Cry 5
41%
SATISFYING game about building a FACTORY on an alien planet (not Factorio) Satisfactory
39%
You're a fire lookout in the Shoshone national forest Firewatch
37%
Ghost hunting game Phasmophobia
37%
Card game featuring the bosses: The Prospector, The Angler, and The Trapper Inscryption
16%
dun dun dun dun dun dun dun dundundun Among Us
8%
above with guns Pistol Whip
6%
Old game about a town riddled with plague. Widely considered a painful experience Pathologic
4%
No matching quizzes found
Score Distribution
Percent of People with Each Score
Percentile by Number Answered
Your Score History
You have not taken this quiz